Sports Quiz

Random Sports or Baseball Quiz
Score 0/36 Timer 07:00
0 Plays Today
Hits Name % Correct
3,465Derek Jeter
97.3%
3,184Cal Ripken
88%
3,060Craig Biggio
84.2%
3,142Robin Yount
81.2%
3,319Paul Molitor
79.9%
3,166Adrián Beltré
78.7%
2,781Ken Griffey Jr.
74.9%
3,055Rickey Henderson
71.5%
3,020Rafael Palmeiro
70.7%
3,255Eddie Murray
70.5%
3,110Dave Winfield
68%
2,848Brooks Robinson
68%
2,774Andre Dawson
59.5%
2,725Carlos Beltran
58%
3,023Lou Brock
56.3%
2,844Ivan Rodriguez
53.2%
2,876Mel Ott
48.6%
2,732Tony Perez
48.6%
Hits Name % Correct
2,769Johnny Damon
45.9%
2,724Roberto Alomar
43.9%
2,866Harold Baines
43.3%
2,877Omar Vizquel
36.4%
3,315Eddie Collins
34.8%
2,716Rusty Staub
34.4%
2,677Luis Aparicio
24.1%
2,987Sam Rice
22.5%
2,961Sam Crawford
22.4%
2,757Vada Pinson
17.5%
2,880Frankie Frisch
15.1%
2,660George Davis
13.3%
2,665Max Carey
8.1%
2,672Fred Clarke
7.7%
2,605Rabbit Maranville
7.5%
2,934Jake Beckley
6.1%
2,705Doc Cramer
2.8%
2,645Lave Cross
2.3%

You're not logged in!

Compare scores with friends on all Sporcle quizzes.
OR
Log In

Sporcle TV

Today on Sporcle TV


Watch our educational content, quiz creation guides, and fun videos on Sporcle TV.

Show Comments

Extras

Top Quizzes Today


Score Distribution

Paid Content

Your Account Isn't Verified!

In order to create a playlist on Sporcle, you need to verify the email address you used during registration. Go to your Sporcle Settings to finish the process.

Report this User

Report this user for behavior that violates our Community Guidelines.

Details: